[Event "Challenge"]
[Site "http://www.queenalice.com/game.php?id=140879"]
[Date "2006.12.13"]
[Round "-"]
[White "draconiano"]
[Black "guadorno"]
[Result "1-0"]
[WhiteElo "1700"]
[BlackElo "1100"]

1. Nf3 b6 2. c3 Bb7 3. d4 h5 4. Nbd2 Rh6 5. Nc4 Rc6 6. Nce5 Re6 7. e3 Rf6 8. Bd3
Bxf3 9. gxf3 g6 10. f4 d6 11. Nc4 d5 12. Na3 Nh6 13. b4 c6 14. c4 e6 15. cxd5
exd5 16. e4 Re6 17. e5 Ng4 18. h3 Bxb4+ 19. Kf1 Bc3 20. Rb1 Bxd4 21. Rg1 Nh2+
22. Ke1 Qh4 23. Rg3 Bc3+ 24. Ke2 Nd7 25. Rb3 Bxe5 26. fxe5 Rxe5+ 27. Kd2 Nc5 28.
Rc3 1-0

[Event "Invitation"]
[Site "http://www.queenalice.com/game.php?id=141594"]
[Date "2006.12.14"]
[Round "-"]
[White "lucianogjunqueira"]
[Black "guadorno"]
[Result "1-0"]
[WhiteElo "891"]
[BlackElo "1100"]

1. e4 Nf6 2. c4 g6 3. d3 b5 4. b3 c6 5. Ba3 Qa5+ 6. b4 Qa4 7. Be2 e6 8. Nc3 Qxa3
9. Qc1 Qxb4 10. Nf3 d6 11. d4 bxc4 12. Rb1 Qa5 13. Bxc4 Nbd7 14. O-O Bg7 15. Qf4
Qxc3 16. Rbc1 Qa5 17. Ng5 O-O 18. Qh4 Qd2 19. e5 dxe5 20. Nf3 Qb2 21. Qe4 Nxe4
22. Rb1 Qc3 23. Rfc1 Qa5 24. Bf1 Ba6 25. Re1 Nd6 26. Rbc1 Rab8 27. Rxc6 Rb6 28.
Rcc1 Qxa2 29. dxe5 Nf5 30. Ra1 Qc4 31. Bxc4 Bxc4 32. Rxa7 Nc5 33. Rc7 Nd3 34.
Re4 Bb3 35. Re2 Bd1 36. Ra2 Rb2 37. Ra1 Ba4 38. g3 Nxf2 39. Rxa4 Ne3 40. h3 h5
41. h4 Kh7 42. Ng5+ Kh6 43. Nxf7+ Kh7 44. Ng5+ Kh8 45. Nf7+ Kg8 46. Raa7 Nh3+
47. Kh1 Nf1 48. Nh6+ Bxh6 49. Rg7+ 1-0

[Event "Challenge"]
[Site "http://www.queenalice.com/game.php?id=144237"]
[Date "2006.12.20"]
[Round "-"]
[White "longhi"]
[Black "guadorno"]
[Result "0-1"]
[WhiteElo "1202"]
[BlackElo "981"]

1. Nh3 Nc6 2. e4 Nd4 3. Bc4 g6 4. b3 f5 5. Bb2 Nc6 6. Bxh8 Nb4 7. Bxg8 b6 8.
Bxh7 d6 9. Bxg6+ Kd7 10. d3 Bh6 11. Bc3 Na6 12. exf5 Qf8 13. O-O Bb7 14. g4 Qg8
15. Qe1 Bf3 16. Qe3 Bxe3 17. fxe3 Bxg4 18. Nf2 Be2 19. Re1 Bf3 20. Nd2 Bd5 21.
e4 Bf7 22. Kh1 Bxg6 23. Rg1 b5 24. fxg6 b4 25. Bd4 c5 26. Be3 Kc7 27. Bf4 Rf8
28. Nh3 Qh8 29. Nc4 Qh5 30. e5 Qf3+ 31. Rg2 Rh8 32. exd6+ exd6 33. Bxd6+ Kd7 34.
Ng5 Qh5 0-1

[Event "Challenge"]
[Site "http://www.queenalice.com/game.php?id=145024"]
[Date "2006.12.22"]
[Round "-"]
[White "guadorno"]
[Black "vult0"]
[Result "0-1"]
[WhiteElo "1100"]
[BlackElo "1727"]

1. Nf3 d6 2. c3 Nf6 3. e3 e5 4. Bc4 Nc6 5. O-O Be7 6. d3 O-O 7. Nbd2 d5 8. Bb5
Bd6 9. b4 e4 10. dxe4 dxe4 11. Ng5 Bxh2+ 12. Kxh2 Ng4+ 13. Kg3 Qxg5 14. Bc4
Nxe3+ 15. Kh2 Qxg2# 0-1

[Event "126 kg X 116 kg"]
[Site "http://www.queenalice.com/game.php?id=146829"]
[Date "2006.12.27"]
[Round "-"]
[White "guadorno"]
[Black "vult0"]
[Result "0-1"]
[WhiteElo "1100"]
[BlackElo "1771"]

1. Nc3 g6 2. g3 Bg7 3. Ne4 d5 4. Nc5 Nf6 5. f4 O-O 6. d4 b6 7. Na4 Bg4 8. Be3
Nc6 9. h3 Bd7 10. g4 Ne4 11. Qd3 Nb4 12. Qb3 a5 13. Bg2 Qe8 14. c3 Bxa4 15. Qxb4
axb4 16. cxb4 Bc2 17. Rc1 Qc6 18. h4 Rxa2 19. Nf3 Ng3 20. Rh3 Ne4 21. h5 Rxb2
22. Kf1 Rb1 23. Re1 Ra8 24. h6 Bh8 25. Ng1 Rxe1+ 26. Kxe1 Ra1+ 27. Bc1 Rxc1# 0-1

[Event "Challenge"]
[Site "http://www.queenalice.com/game.php?id=161498"]
[Date "2007.1.31"]
[Round "-"]
[White "guadorno"]
[Black "draconiano"]
[Result "1-0"]
[WhiteElo "981"]
[BlackElo "1637"]

1. e3 Nf6 2. Nc3 d5 3. Bb5+ c6 4. Ba4 Bg4 5. f3 Bh5 6. g4 Bg6 7. g5 Nh5 8. d4 h6
9. Nh3 hxg5 10. Nxg5 Qd7 11. b4 Qf5 12. Rg1 1-0

[Event "Até o fim..."]
[Site "http://www.queenalice.com/game.php?id=165352"]
[Date "2007.2.8"]
[Round "-"]
[White "guadorno"]
[Black "lucianogjunqueira"]
[Result "0-1"]
[WhiteElo "1036"]
[BlackElo "1077"]

1. e4 e5 2. Qf3 f6 3. Bc4 Nh6 4. d3 d5 5. Bxd5 Na6 6. c3 Bc5 7. Be3 Ng4 8. Qg3
g6 9. h3 Nh6 10. b4 Bxe3 11. Qxe3 Bd7 12. Qxh6 Bb5 13. Bxb7 Rb8 14. Bxa6 Bxa6
15. Qg7 Rf8 16. Qxh7 Qxd3 17. Qxg6+ Ke7 18. Qg7+ Rf7 0-1

[Event "AUTO-OPEN-548"]
[Site "http://www.queenalice.com/game.php?id=165386"]
[Date "2007.2.8"]
[Round "1"]
[White "diablero"]
[Black "guadorno"]
[Result "1-0"]
[WhiteElo "2010"]
[BlackElo "1019"]

1. e4 e5 2. Nf3 f6 3. d4 d6 4. dxe5 dxe5 5. Qxd8+ Kxd8 6. Nc3 c6 7. Bc4 Ne7 8.
O-O Ng6 9. Be3 Bd6 10. Rad1 b5 11. Rxd6+ Bd7 12. Be2 b4 13. Na4 Ke7 14. Bc5 1-0

[Event "AUTO-OPEN-548"]
[Site "http://www.queenalice.com/game.php?id=165387"]
[Date "2007.2.8"]
[Round "1"]
[White "guadorno"]
[Black "diablero"]
[Result "0-1"]
[WhiteElo "1050"]
[BlackElo "2033"]

1. e4 e6 2. Bc4 d5 3. Bb5+ c6 4. Ba4 dxe4 5. c4 Nf6 6. h3 Na6 7. f3 Bb4 8. a3
Bc5 9. Nc3 Qd4 10. Nce2 Qf2# 0-1

[Event "AUTO-OPEN-548"]
[Site "http://www.queenalice.com/game.php?id=165410"]
[Date "2007.2.8"]
[Round "1"]
[White "jdmacguffin"]
[Black "guadorno"]
[Result "1-0"]
[WhiteElo "1573"]
[BlackElo "1050"]

1. e4 e5 2. Nf3 d6 3. d4 c5 4. dxc5 dxc5 5. Qxd8+ Kxd8 6. Nxe5 f6 7. Nf7+ Ke8 8.
Nxh8 c4 9. Bxc4 Bb4+ 10. Nc3 Nc6 11. Bxg8 Nd4 12. Bb3 Bd7 13. Be3 Nc6 14. O-O-O
Bg4 15. Bf7+ Kf8 16. Bc5+ Bxc5 17. f3 Be3+ 18. Kb1 Nb4 19. h3 Ke7 20. hxg4 Rxh8
21. Bb3 b6 22. a3 Nc6 23. Nd5+ 1-0

[Event "AUTO-OPEN-548"]
[Site "http://www.queenalice.com/game.php?id=165411"]
[Date "2007.2.8"]
[Round "1"]
[White "guadorno"]
[Black "jdmacguffin"]
[Result "0-1"]
[WhiteElo "1050"]
[BlackElo "1575"]

1. e4 c5 2. Bc4 g6 3. Qf3 Nf6 4. e5 d5 5. Bb5+ Bd7 6. a4 Ne4 7. Qe2 Nc6 8. d3
Nd4 9. Qe3 Nxc2+ 10. Ke2 Nxe3 11. Bxe3 Bxb5 12. f3 d4 13. Bf4 Qd5 14. Ra3 e6 15.
fxe4 Qc6 16. Nf3 c4 17. Nxd4 cxd3+ 18. Kf2 Qxe4 19. Kg3 Bxa3 20. bxa3 Qxd4 21.
axb5 h6 22. h4 O-O 23. Nd2 f6 0-1

[Event "AUTO-OPEN-548"]
[Site "http://www.queenalice.com/game.php?id=165426"]
[Date "2007.2.8"]
[Round "1"]
[White "guadorno"]
[Black "crister"]
[Result "0-1"]
[WhiteElo "1050"]
[BlackElo "1831"]

1. e4 e5 2. Bc4 Nf6 3. f3 Be7 4. d3 c6 5. g4 d5 6. exd5 cxd5 7. Bb5+ Nc6 8. Qe2
Bd6 9. g5 Nh5 10. Nc3 O-O 11. Nxd5 Bb4+ 12. c3 Bc5 13. b4 Bd6 14. d4 exd4 15.
Nh3 Re8 16. g6 fxg6 17. Bg5 Qd7 18. Bc4 Rxe2+ 19. Bxe2 Qxh3 0-1

[Event "AUTO-OPEN-548"]
[Site "http://www.queenalice.com/game.php?id=165427"]
[Date "2007.2.8"]
[Round "1"]
[White "crister"]
[Black "guadorno"]
[Result "1-0"]
[WhiteElo "1833"]
[BlackElo "1050"]

1. e4 Nf6 2. e5 Nd5 3. d4 Nc6 4. Nf3 e6 5. c4 Bb4+ 6. Bd2 Nf4 7. Nc3 g5 8. g3
Nh3 9. Bxh3 h6 10. Bg2 g4 11. Nh4 Nxd4 12. Nb5 a6 13. Bxb4 axb5 14. Qxd4 Ra4 15.
Qc3 Qg5 16. O-O c6 17. cxb5 b6 18. Bd6 h5 19. bxc6 Qd8 20. c7 1-0

[Event "AUTO-BEG-71"]
[Site "http://www.queenalice.com/game.php?id=166333"]
[Date "2007.2.10"]
[Round "1"]
[White "mizu"]
[Black "guadorno"]
[Result "1-0"]
[WhiteElo "1340"]
[BlackElo "1041"]

1. e4 e5 2. Nf3 f6 3. Nc3 Bc5 4. Bc4 Nh6 5. O-O d6 6. d4 exd4 7. Nxd4 a6 8. Qh5+
Kf8 9. Bxh6 Qe7 10. Be3 Nd7 11. Ne6+ Kg8 12. Nxc5+ Kf8 13. Ne6+ Kg8 14. Nxc7+
Kf8 15. Nxa8 Ne5 16. Nb6 Qc7 17. b3 Bg4 18. Qh4 1-0

[Event "AUTO-BEG-71"]
[Site "http://www.queenalice.com/game.php?id=166334"]
[Date "2007.2.10"]
[Round "1"]
[White "guadorno"]
[Black "mizu"]
[Result "0-1"]
[WhiteElo "1047"]
[BlackElo "1341"]

1. e4 e5 2. Nf3 Nc6 3. Bb5 d6 4. d3 Nf6 5. Nc3 Bd7 6. h3 a6 7. Ba4 Ne7 8. Bxd7+
Qxd7 9. Ng5 d5 10. b4 Nc6 11. a3 d4 12. Ne2 Be7 13. Ng3 h6 14. Nf3 Bd6 15. Nf5
g6 16. Ng3 O-O-O 17. O-O Nh5 0-1

[Event "AUTO-BEG-71"]
[Site "http://www.queenalice.com/game.php?id=166349"]
[Date "2007.2.10"]
[Round "1"]
[White "appalachia"]
[Black "guadorno"]
[Result "1-0"]
[WhiteElo "1419"]
[BlackElo "1050"]

1. d4 d5 2. Qd3 c6 3. c4 Qa5+ 4. Bd2 Qa4 5. Qb3 Qxc4 6. Qxc4 dxc4 7. Bc3 f5 8.
f3 Nf6 9. e3 g5 10. Ne2 e6 11. Nd2 b5 12. e4 f4 13. e5 Nh5 14. g4 Ng7 15. Ne4
Na6 16. Bg2 1-0

[Event "AUTO-BEG-71"]
[Site "http://www.queenalice.com/game.php?id=166350"]
[Date "2007.2.10"]
[Round "1"]
[White "guadorno"]
[Black "appalachia"]
[Result "0-1"]
[WhiteElo "1048"]
[BlackElo "1421"]

1. e4 d5 2. Bb5+ c6 3. Ba4 b5 4. Bb3 b4 5. c3 a5 6. cxb4 axb4 7. d3 dxe4 8. Bc2
c5 9. b3 g6 10. h3 Bg7 11. Ne2 exd3 12. Bxd3 Ba6 13. Nf4 Bxa1 14. O-O Bd4 15. g3
Bxd3 0-1

[Event "AUTO-BEG-71"]
[Site "http://www.queenalice.com/game.php?id=166359"]
[Date "2007.2.10"]
[Round "1"]
[White "Bernobr"]
[Black "guadorno"]
[Result "1-0"]
[WhiteElo "1816"]
[BlackElo "1050"]

1. e4 e5 2. f4 d6 3. Nf3 Bg4 4. fxe5 dxe5 5. Bc4 Qd7 6. O-O Nc6 7. h3 Bc5+ 8.
Kh1 O-O-O 9. d3 Nb4 10. hxg4 Qxg4 11. Bxf7 Ne7 12. Nh2 Qxd1 13. Rxd1 1-0

[Event "AUTO-BEG-71"]
[Site "http://www.queenalice.com/game.php?id=166360"]
[Date "2007.2.10"]
[Round "1"]
[White "guadorno"]
[Black "Bernobr"]
[Result "0-1"]
[WhiteElo "1050"]
[BlackElo "1818"]

1. e4 c5 2. Bc4 d6 3. Qf3 Nf6 4. g4 Bxg4 5. Qb3 e6 6. Qa4+ Nc6 7. d3 Be7 8. Bb5
Qc7 9. Bd2 a6 10. Bc4 O-O 11. f3 Bh5 12. Nc3 b5 13. Qb3 Nd4 0-1